000 00370nam a22001697a 4500
003 UA-OsUOA
001 5041
007 ta
008 20050721b un ||||| |||| 00| 0 ukr d
100 _aBaker
700 _aAugusta
942 _cBK
040 _aUA-OsUOA
_cUA-OsUOA
_dUA-OsUOA
245 _aBest Loved Nursery Rhymes and Songs.
_bFiction
955 _a2
650 7 _2UDC
999 _c291203
_d291203